Southville International School and Colleges
Your cart is empty.
  • Cart
  • Lists
    Public lists Eva Luna New books Lux_list list_1
    Your lists Log in to create your own lists
  • Log in to your account
  • Your cookies
  • Search history
Southville International School and Colleges
  • Advanced search
  • Recent comments
  • Most popular
  • Libraries

Log in to your account

Log in with GOOGLE


If you do not have an external account, but do have a local account, you can still log in:

  1. Home
  2. MARC view: Stories by Foreign Authors :
Normal view MARC view ISBD view

Stories by Foreign Authors : (Record no. 234987)

[ view plain ]
MARC details
000 -LEADER
fixed length control field 01084cam a22002893a 4500
001 - CONTROL NUMBER
control field 5659
003 - CONTROL NUMBER IDENTIFIER
control field PGUSA
005 - DATE AND TIME OF LATEST TRANSACTION
control field 20140828083123.0
008 - FIXED-LENGTH DATA ELEMENTS--GENERAL INFORMATION
fixed length control field 040501s2004||||xxu|||||s|||||000 | eng d
040 ## - CATALOGING SOURCE
Original cataloging agency PGUSA
Language of cataloging eng
042 ## - AUTHENTICATION CODE
Authentication code dc
050 #4 - LIBRARY OF CONGRESS CALL NUMBER
Classification number PN
245 10 - TITLE STATEMENT
Title Stories by Foreign Authors :
Remainder of title Polish, Greek, Belgian, Hungarian
Medium [electronic resource]
260 ## - PUBLICATION, DISTRIBUTION, ETC. (IMPRINT)
Name of publisher, distributor, etc Project Gutenberg,
Date of publication, distribution, etc 2004
505 0# - FORMATTED CONTENTS NOTE
Formatted contents note Sienkiewicz, H. The light-house keeper of Aspinwall -- Bikelas, D. The plain sister -- Maeterlinck, M. The massacre of the innocents -- Lemonnier, C. Saint Nicholas Eve -- Jokai, M. In love with the Czarina.
506 ## - RESTRICTIONS ON ACCESS NOTE
Terms governing access Public domain in the USA.
516 ## - TYPE OF COMPUTER FILE OR DATA NOTE
Type of computer file or data note Electronic text
653 ## - INDEX TERM--UNCONTROLLED
Uncontrolled term Short stories -- Translations into English
700 1# - ADDED ENTRY--PERSONAL NAME
Personal name Sienkiewicz, Henryk,
Dates associated with a name 1846-1916
700 1# - ADDED ENTRY--PERSONAL NAME
Personal name Maeterlinck, Maurice,
Dates associated with a name 1862-1949
700 1# - ADDED ENTRY--PERSONAL NAME
Personal name Jókai, Mór,
Dates associated with a name 1825-1904
700 1# - ADDED ENTRY--PERSONAL NAME
Personal name Lemonnier, Camille,
Dates associated with a name 1844-1913
700 1# - ADDED ENTRY--PERSONAL NAME
Personal name Vikelas, Demetrios,
Dates associated with a name 1835-1908
830 #0 - SERIES ADDED ENTRY--UNIFORM TITLE
Uniform title Project Gutenberg
Volume number/sequential designation 5659
856 40 - ELECTRONIC LOCATION AND ACCESS
Uniform Resource Identifier <a href="http://www.gutenberg.org/ebooks/5659">http://www.gutenberg.org/ebooks/5659</a>
942 ## - ADDED ENTRY ELEMENTS (KOHA)
Koha item type eBooks
Holdings
Withdrawn status Lost status Damaged status Home library Current library Date acquired Total Checkouts Date last seen Price effective from Koha item type
      Project Gutenberg Project Gutenberg 08/28/2014   08/28/2014 08/28/2014 eBooks

Stories by Foreign Authors :

APA

Sienkiewicz H., Maeterlinck M., Jókai M., Lemonnier C. & Vikelas D. (2004). Stories by Foreign Authors. : Project Gutenberg.

Chicago

Sienkiewicz Henryk, Maeterlinck Maurice, Jókai Mór, Lemonnier Camille and Vikelas Demetrios. 2004. Stories by Foreign Authors. : Project Gutenberg.

Harvard

Sienkiewicz H., Maeterlinck M., Jókai M., Lemonnier C. and Vikelas D. (2004). Stories by Foreign Authors. : Project Gutenberg.

MLA

Sienkiewicz Henryk, Maeterlinck Maurice, Jókai Mór, Lemonnier Camille and Vikelas Demetrios. Stories by Foreign Authors. : Project Gutenberg. 2004.

  • Place hold
  • Print
  • Cite
  • Add to your cart (remove)
  • Save record
    BIBTEX Dublin Core MARCXML MARC (non-Unicode/MARC-8) MARC (Unicode/UTF-8) MARC (Unicode/UTF-8, Standard) MODS (XML) RIS
  • More searches
    Search for this title in:
    Other Libraries (WorldCat) Other Databases (Google Scholar) Online Stores (Bookfinder.com) Open Library (openlibrary.org)

Exporting to Dublin Core...

SOUTHVILLE LIBRARY

Southville International School and Colleges Library

1281 Tropical Ave. Cor. Luxembourg St., BF Homes International, Las Pinas City

Tel. No. 8256374 / 252358 Loc. 117/146

Powered by Koha